Music Quiz

Random Music or Clickable Quiz

....But I'm With 'The' Band! Quiz Stats

 Plays Quiz Updated Dec 17, 2015

Score 0/22 Timer 01:30
0 Plays Today
% Correct
Doors
91.1%
Beatles
90.9%
Beach Boys
85.1%
Clash
83.2%
Kinks
80%
Who
79.1%
Police
77.3%
Killers
76.7%
Pretenders
76%
B-52s
74.7%
Rolling Stones
73%
% Correct
Mamas & the Papas
68.5%
Everly Brothers
64%
Proclaimers
62.7%
Righteous Brothers
60.2%
Jackson 5
58.7%
White Stripes
54.8%
Black Eyed Peas
50.8%
Flaming Lips
47.6%
Velvet Underground
42.2%
Human League
35.2%
Smashing Pumpkins
27.7%

You're not logged in!

Compare scores with friends on all Sporcle quizzes.
OR
Log In

Show Comments

Extras

Top Quizzes Today


Score Distribution

Your Account Isn't Verified!

In order to create a playlist on Sporcle, you need to verify the email address you used during registration. Go to your Sporcle Settings to finish the process.

Report this User

Report this user for behavior that violates our Community Guidelines.

Details: